MARC

LEADER 00000nam2a2200000 4500
001 276483
005 20260317162843.0
035 |a (RuTPU)RU\TPU\book\299755 
090 |a 276483 
100 |a 20141124d1986 km y0rusy5003 ca 
101 0 |a rus 
102 |a RU 
105 |a a z 001zb 
200 0 |a Т. 3 
210 |d 1986 
215 |a 554 с.  |c ил. 
320 |a Библиогр.: с. 504-549 
461 1 |0 (RuTPU)RU\TPU\book\304853  |t Избранные произведения  |o в 4 т.  |f В. И. Ленин  |g Институт марксизма-ленинизма (ИМЛ)  |v Т. 3  |d 1986 
600 1 |a Ленин  |b В. И.  |c настоящая фамилия Ульянов  |c российский политический деятель  |f 1870-1924  |g Владимир Ильич  |2 stltpush  |3 (RuTPU)RU\TPU\pers\1074  |9 486 
606 |a Ленин В. И.  |j Собрания сочинений  |9 87496 
610 1 |a ленинизм 
610 1 |a государственные деятели 
610 1 |a политические деятели 
610 1 |a произведения 
610 1 |a история 
610 1 |a Россия 
610 1 |a 20 век 
610 1 |a Второй Всероссийский съезд Советов 
610 1 |a резолюции 
610 1 |a Советская власть 
610 1 |a задачи 
610 1 |a политическое положение 
610 1 |a Коммунистический интернационал 
610 1 |a РКПб 
610 1 |a съезды 
610 1 |a выступления 
686 |a Т3(2)6-8Ленин150  |2 rubbk 
801 0 |a RU  |b RuMRKP  |c 19950704  |g psbo 
801 1 |a RU  |b 63413507  |c 20141124 
801 2 |a RU  |b 63413507  |c 20210813  |g RCR 
942 |c BK